=LDR 00000nam 2200000 4500 =001 INLIS000000000044203 =005 20260106043716 =035 ##$$a 0010-101300000002125 =008 260106################g##########0#ind## =041 ##$$a ind =082 ##$$a R. 320.03 =090 ##$$a R. 32.03, Kaw k =100 ##$$a KAWURYAN, Megandaru W =245 1#$$a Kamus politik modern /$c Megandaru W Kawuryan ; editoor, Dra. Sukatani Susantika =260 ##$$a Yogyakarta :$b Pura Pustaka,$c 2008 =300 ##$$a viii, 845 hlm. ; $c 21 x 14 cm. =650 #4$$a Politik - Kamus =700 #$$a Susantika, Sukatani =850 ##$$a NBPNMAT =020 ##$$a 978-979-17061-3-1 =084 ##$$a R. 320.03 KAW k =250 ##$$a Cet. 1 =990 ##$$a 08610861 =990 ##$$a 08610861 =990 ##$$a 2100902 =990 ##$$a 1201002018 =990 ##$$a 2100903 =990 ##$$a 2100902